Актуальные проблемы аналитической теории чисел (Запись № 30700)
[ простой вид ]
| 000 -МАРКЕР | |
|---|---|
| контрольное поле | 00897nam a2200241 c 4500 |
| 001 - КОНТРОЛЬНЫЙ НОМЕР ЗАПИСИ | |
| контрольное поле | 000030700 |
| 003 - ПРИНАДЛЕЖНОСТЬ КОНТРОЛЬНОГО НОМЕРА | |
| контрольное поле | RuMoIPM |
| 005 - ДАТА И ВРЕМЯ ПОСЛЕДНЕЙ ТРАНЗАКЦИИ | |
| контрольное поле | 20260601112842.0 |
| 008 - ЭЛЕМЕНТЫ ДАННЫХ ФИКСИРОВАННОЙ ДЛИНЫ | |
| контрольное поле | 230210s1974 ur ||||||| |||| ||rus d |
| 035 ## - КОНТРОЛЬНЫЙ НОМЕР СИСТЕМЫ | |
| контрольный номер системы | (RuMoBEN) 001958294 |
| 035 ## - КОНТРОЛЬНЫЙ НОМЕР СИСТЕМЫ | |
| контрольный номер системы | (ELAR retro) [2022] 000027641 |
| 040 ## - ОРГАНИЗАЦИЯ-СОЗДАТЕЛЬ ЗАПИСИ | |
| организация-создатель исходной библиографической записи | RuMoBEN |
| язык каталогизации | rus |
| правила каталогизации | rcr |
| 041 0# - КОД ЯЗЫКА | |
| код языка текста | Русский |
| 080 ## - ИНДЕКС УНИВЕРСАЛЬНОЙ ДЕСЯТИЧНОЙ КЛАССИФИКАЦИИ | |
| индекс Универсальной десятичной классификации | 511.2 |
| 080 ## - ИНДЕКС УНИВЕРСАЛЬНОЙ ДЕСЯТИЧНОЙ КЛАССИФИКАЦИИ | |
| индекс Универсальной десятичной классификации | 511.3 |
| 245 10 - ОБЛАСТЬ ЗАГЛАВИЯ И СВЕДЕНИЙ ОБ ОТВЕТСТВЕННОСТИ | |
| заглавие | Актуальные проблемы аналитической теории чисел |
| сведения, относящиеся к заглавию, и т. д | [Сборник статей] |
| сведения об ответственности и т. д | Под ред. В. Г. Спринджука ; Ин-т математики АН БССР |
| 260 ## - ОБЛАСТЬ ВЫХОДНЫХ ДАННЫХ | |
| место публикации, распространения, изготовления и т. д | Минск |
| издательство, издатель, распространитель и т. д | Наука и техника |
| дата издания, распространения и т. д | 1974 |
| 300 ## - ОБЛАСТЬ КОЛИЧЕСТВЕННОЙ ХАРАКТЕРИСТИКИ | |
| объём | 272 с. |
| 504 ## - ПРИМЕЧАНИЕ О НАЛИЧИИ БИБЛИОГРАФИЧЕСКИХ ПЕРЕЧНЕЙ И ССЫЛОК | |
| текст примечания | Библиогр. в конце ст. |
| 700 1# - ИМЯ ЛИЦА КАК ДОБАВОЧНЫЙ ПОИСКОВЫЙ ПРИЗНАК | |
| имя лица | Спринджук, Владимир Геннадиевич |
| роль лица относительно произведения | ред. |
| 710 2# - НАИМЕНОВАНИЕ КОЛЛЕКТИВА/ПОСТОЯННОЙ ОРГАНИЗАЦИИ КАК ДОБАВОЧНЫЙ ПОИСКОВЫЙ ПРИЗНАК | |
| наименование коллектива или юрисдикции как начальный элемент ввода | Институт математики (Минск) |
| 942 ## - ДАННЫЕ О ЗАПИСИ (KOHA) | |
| Тип экземпляра (KOHA) | Книга |
| Статус выдачи | Библиотека держатель | Текущая библиотека | Местонахождение | Шифр хранения | Тип экземпляра |
|---|---|---|---|---|---|
| Институт прикладной математики им. М.В. Келдыша | Институт прикладной математики им. М.В. Келдыша | Миусская | 511.2 / А 43 | Книга |